Reversing : secrets of reverse engineering

Αποθηκεύτηκε σε:
Λεπτομέρειες βιβλιογραφικής εγγραφής
Κύριος συγγραφέας: Eilam, Eldad
Μορφή: Βιβλίο
Γλώσσα:English
Δημοσίευση: Indianapolis, IN : Wiley Publishing, c2005.
Θέματα:
Ετικέτες: Προσθήκη ετικέτας
Δεν υπάρχουν, Καταχωρήστε ετικέτα πρώτοι!

MARC

LEADER 00000nam a2200000 a 4500
001 1/126239
008 230307t2005####cn | ||| |||| ||eng||
020 |a 9780764574818  |q (χαρτόδετο) 
020 |a 0764574817  |q (χαρτόδετο) 
040 |a GR-MyUa  |b gre  |c GR-MyUa  |e AACR2 
041 0 |a eng 
082 7 |a 005.1  |2 (23) 
100 1 |a Eilam, Eldad. 
245 1 0 |a Reversing :   |b secrets of reverse engineering /   |c Eldad Eilam ; [foreword by Elliot Chikofsky].  
260 |a Indianapolis, IN :   |b Wiley Publishing,   |c c2005. 
300 |a xxviii, 589 σ. :   |b εικ. ;   |c 24 εκ.  
504 |a Περιέχει ευρετήριο.  
650 0 |a Software engineering 
650 0 |a Reverse engineering 
650 0 |a Computer security 
852 |a INST  |b SAMOS  |e 20230307  |h 005.1 EIL  |p 005300048115  |q 005300048115  |t BK  |y 0 
970 |a Γουβάλα  |b Βάσω  |z 07-03-2023